US States by Football Teams - Statistics

General Stats
  • This quiz has been taken 34 times
  • The average score is 20 of 22
Answer Stats
Hint Answer % Correct
Jaguars, Buccaneers, Dolphins Florida
100%
Lions Michigan
97%
Bills, Giants, Jets New York
97%
Cowboys, Texans Texas
97%
Seahawks Washington
97%
Rams, Chargers, 49ers California
94%
Bears Illinois
94%
Vikings Minnesota
94%
Bengals, Browns Ohio
94%
Cardinals Arizona
91%
Falcons Georgia
91%
Saints Louisiana
91%
Ravens, Commanders Maryland
91%
Raiders Nevada
91%
Panthers North Carolina
91%
Packers Wisconsin
91%
Broncos Colorado
88%
Colts Indiana
88%
Chiefs Missouri
88%
Titans Tennessee
88%
Patriots Massachusetts
82%
Eagles, Steelers Pennsylvania
82%
No matching quizzes found
Score Distribution
Percent of People with Each Score
Percentile by Number Answered
Your Score History
You have not taken this quiz